|
|
|
|
| LEADER |
00000nab a2200000 a 4500 |
| 001 |
vtls000043057 |
| 003 |
SK-MaSNL |
| 005 |
20260305023924.0 |
| 008 |
140301c1979 xo 0 slo |
| 015 |
|
|
|a SNBRB19rr/mm-uuuuu
|
| 035 |
|
|
|a CL0053152
|
| 040 |
|
|
|a SNKBUCL
|b slo
|c SNKBUCL
|e AACR2
|
| 041 |
0 |
|
|a slo
|
| 044 |
|
|
|a xo
|c SK
|
| 080 |
|
|
|a 37.03
|2 1981
|
| 080 |
|
|
|a 378
|2 1981
|
| 100 |
1 |
|
|a Adamík, Michal
|4 aut
|9 622785
|
| 245 |
1 |
0 |
|a Vyšiel zborník o komunistickej výchove na vysokých školách
|c Michal Adamík
|
| 650 |
0 |
7 |
|a vysoké školy
|2 snkbucl
|9 1277
|
| 650 |
0 |
7 |
|a výchova komunistická
|2 snkbucl
|9 554740
|
| 655 |
|
7 |
|a články z novín a časopisov
|2 snkbucl
|9 267496
|
| 773 |
0 |
|
|t Učiteľské noviny
|g Roč. 29, č. 40 (4. 10. 1979), s. 12
|
| 787 |
0 |
8 |
|i Rec.:
|t Komunistická výchova na vysokých školách v etape rozvinutej socialistickej spoločnosti
|d Bratislava : Edičné stredisko VŠE
|
| 850 |
|
|
|a Slovenská národná knižnica v Martine
|a MTA001
|
| 852 |
|
|
|a SNK
|b KIS3GCP
|
| 958 |
|
|
|a RK
|
| 992 |
|
|
|a RBX
|
| 999 |
|
|
|c 3299813
|d 3301743
|